000 01274cam a22002894a 4500
001 13552957
003 ARRUPE
005 20131127141153.0
008 040409r20041977nyu b 001 0 eng
010 _a 2004040088
020 _a1591022010 (alk. paper)
040 _aDLC
_cDLC
_dDLC
042 _apcc
050 0 0 _aBP130.45
_b.W36 2004
100 1 _aWansbrough, John E.
_94246
245 1 0 _aQuranic studies :
_bsources and methods of scriptural interpretation /
_cJohn Wansbrough ; foreword, translations, and expanded notes by Andrew Rippin.
260 _aAmherst, N.Y. :
_bPrometheus Books,
_c2004.
300 _axli, 316 p. ;
_c24 cm.
500 _aOriginally published: Oxford : Oxford University Press, 1977, in series: London oriental series.
504 _aIncludes bibliographical references (p. [xxvii]-xli) and indexes.
630 0 0 _aQurʼan
_xCriticism, interpretation, etc.
_xHistory.
_94247
650 0 _aArabic language
_xHistory.
_94248
700 1 _aRippin, Andrew,
_d1950-
_94249
906 _a7
_bcbc
_corignew
_d1
_eocip
_f20
_gy-gencatlg
942 _2lcc
_cMONOGRAPH
999 _c118790
_d118790